header

Adolescence / (Record no. 250525)

MARC details
000 -LEADER
fixed length control field 01447cam a2200313 a 4500
001 - CONTROL NUMBER
control field 15844126
003 - CONTROL NUMBER IDENTIFIER
control field OSt
005 - DATE AND TIME OF LATEST TRANSACTION
control field 20151013145445.0
008 - FIXED-LENGTH DATA ELEMENTS--GENERAL INFORMATION
fixed length control field 090730s2010 nyua b 001 0 eng
010 ## - LIBRARY OF CONGRESS CONTROL NUMBER
LC control number 2009031491
020 ## - INTERNATIONAL STANDARD BOOK NUMBER
International Standard Book Number 9780073370675 (pbk.)
International Standard Book Number 0073370673 (pbk.)
035 ## - SYSTEM CONTROL NUMBER
System control number (OCoLC)ocn320803014
040 ## - CATALOGING SOURCE
Original cataloging agency DLC
Transcribing agency DLC
Modifying agency YDX
-- YDXCP
-- DLC
050 00 - LIBRARY OF CONGRESS CALL NUMBER
Classification number HQ796
Item number .S26 2010
082 00 - DEWEY DECIMAL CLASSIFICATION NUMBER
Classification number 305.235
Edition number 22
100 1# - MAIN ENTRY--PERSONAL NAME
Personal name Santrock, John W.
245 10 - TITLE STATEMENT
Title Adolescence /
Statement of responsibility, etc John W. Santrock.
250 ## - EDITION STATEMENT
Edition statement 13th ed.
260 ## - PUBLICATION, DISTRIBUTION, ETC. (IMPRINT)
Place of publication, distribution, etc New York :
Name of publisher, distributor, etc McGraw-Hill,
Date of publication, distribution, etc c2010.
300 ## - PHYSICAL DESCRIPTION
Extent xli, 577 p. :
Other physical details ill. (chiefly col.) ;
Dimensions 28 cm.
504 ## - BIBLIOGRAPHY, ETC. NOTE
Bibliography, etc Includes bibliographical references and indexes.
505 0# - FORMATTED CONTENTS NOTE
Formatted contents note Introduction -- Appendix: Careers in adolescent development -- Puberty, health, and biological foundations -- The brain and cognitive development -- The self, identity, emotion, and personality -- Gender -- Sexuality -- Moral development, values, and religion -- Families -- Peers, romantic relationships, and lifestyles -- Schools -- Achievement, work, and careers -- Culture -- Problems in adolescence and emerging adulthood.
650 #0 - SUBJECT ADDED ENTRY--TOPICAL TERM
Topical term or geographic name as entry element Adolescence.
Topical term or geographic name as entry element Adolescent psychology.
906 ## - LOCAL DATA ELEMENT F, LDF (RLIN)
a 7
b cbc
c orignew
d 1
e ecip
f 20
g y-gencatlg
942 ## - ADDED ENTRY ELEMENTS (KOHA)
Source of classification or shelving scheme Library of Congress Classification
Koha item type Long Loan Books
Holdings
Withdrawn status Lost status Source of classification or shelving scheme Damaged status Not for loan Collection code Home library Current library Shelving location Date acquired Total Checkouts Full call number Barcode Date last seen Price effective from Koha item type
    Library of Congress Classification     Non-fiction Rongo University Library Rongo University Library General Stacks 13/10/2015   HQ796 .S26 2010 20087297 13/10/2015 13/10/2015 Long Loan Books
    Library of Congress Classification     Non-fiction Rongo University Library Rongo University Library General Stacks 13/10/2015   HQ796 .S26 2010 20087298 13/10/2015 13/10/2015 Long Loan Books

© 2026 Rongo University
Contact us: librarian | system librarian | Rongo university